| 000 | 01127nam a2200265 i 4500 | ||
|---|---|---|---|
| 001 | 55980 | ||
| 003 | ES-MaACL | ||
| 005 | 20250729020313.0 | ||
| 007 | t| | ||
| 008 | 031001s1946 sp f |||| | spa d | ||
| 080 | _a73(45) | ||
| 100 | 1 |
_aDíaz López, Gonzalo. _944330 |
|
| 245 | 1 | 0 |
_aDonatello, Pollajuelo y Verrochio _b: la personalidad estética de cada uno de estos artistas y catálogo de las reproducciones de sus obras existentes en el Museo / _cpor Gonzalo Díaz López. |
| 260 |
_aMadrid : _b[s.n.], _c1946 ( _fImp. Góngora) |
||
| 300 |
_a186 p., 16 lám. ; _c17 cm. |
||
| 500 | _aPrecede al tít.: Museo de Reproducciones Artísticas. Cuerpo Facultativo de Archiveros, Bibliotecarios y Arqueólogos. | ||
| 600 | 1 | 4 |
_aDonatello ( _dca. 1386-1466) _9162112 |
| 600 | 1 | 4 |
_aPollaiuolo, Antonio. _9162110 |
| 600 | 1 | 4 |
_aVerrocchio, Andrea ( _d1435-1488) _9162111 |
| 710 | 2 |
_aMuseo Nacional de Reproducciones Artísticas (España) _9151574 |
|
| 710 | 2 |
_aCuerpo Facultativo de Archiveros, Bibliotecarios y Arqueólogos _93354 |
|
| 852 |
_aES-MaACL _jE-2262 |
||
| 852 |
_aES-MaACL _jB-10165 |
||
| 999 |
_c55980 _d55980 |
||